00638nam a2200205Ia 450000500170000000800410001702000290005804000190008704100120010608200130011810000200013124501130015126000370026430000100030150400400031165000220035165100140037370000240038785000210041120220107142605.0140110s9999 xx 000 0 und d a9780140137224cRs.450.00 aLoreto College aEnglish a302bFOU aFoucault,Michel aDiscipline and punishbThe birth of the prisoncMichel Foucault. Translated from the French by Alan Sheridan aLondonbPenguin books ltd.c1977 a333p. aIncludes bibliographical references aSocial psychology aSociology aSheridan, Alan, tr. aLCLIBbSociology